000
00301nam a2200133Ia 4500
100
_a
James D. Foley & others
942
_c
RB
654
_a
Computer
245
_a
Computer Graphics 2nd Edn
260
_b
Addison Wesley Pub
_a
New York
_c
1992
082
_a
6.6
_b
PAN
546
_a
ENGLISH
999
_c
18334
_d
18334